Responses for Show #5367 - Tuesday, January 1, 2008

Dan Pawson game 4.

Contestants

[<< previous game]

Lauren Frieman, a teacher from Cincinnati, Ohio

Keith Morris, an electrical engineer from Socorro, New Mexico

Dan Pawson, a legislative aide from Boston, Massachusetts (whose 3-day cash winnings total $62,500)

[next game >>]

Jeopardy! Round responses

EGYPT
A STAR IS REBORN?
U.S. MILITARY BRANCHES
"AIN" WE GOT FUN
TEMPO TANTRUM
OW! OW! OW! OW! OW!
    $200 16
Cleopatra

Dan
    $200 21
Einstein

Keith
    $200 11
the Army

Dan
    $200 2
the brain

Dan
    $200 26
fast

Dan
    $200 1
a scorpion

Dan
    $400 17
Cairo

Triple Stumper
    $400 22
(Alex: Yes. Two famous ones.)

Richard Burton

Lauren
    $400 12
(Keith: What is the Air Force?)

the Navy

DanKeith
    $400 3
grain

Dan
    $400 27
hasty

Dan
    $400 7
the black widow

Dan
    $600 18
Anwar Sadat

Lauren
    $600 23
Engelbert Humperdinck

Triple Stumper
    $600 13
(Dan: What are the Marines?)
(Lauren: What is the Coast Guard?)

the Air Force

DanLauren
Triple Stumper
    $600 4
strain

Dan
    $600 28
slow

Keith
    $600 8
a cobra

Dan
    $800 19
the Library at Alexandria

Dan
    $800 24
Anne Hathaway

Dan
    $800 14
(Alex: [*], Tripoli.)

the Marines

Dan
    $800 5
dainty

Dan
    $1,000 29
creep

Keith
    $800 9
a stingray

Dan
    $1000 20
Nasser

Dan
    $1000 25
(Alex: And the actor and the author are both named [*].)

Graham Greene

Triple Stumper
    $1000 15
(Dan: What is the Coast Guard?)
[Dan was initially ruled incorrect, but research during the first commercial break confirmed a similar ratio in the USCG.]

the Air Force (Coast Guard accepted)

Dan
    $1000 6
Bahrain

Dan
    $1000 30
swift

Keith
    $1000 10
the crown of thorns starfish

Triple Stumper

Scores at the first commercial break (after clue 15):

Dan Keith Lauren
$6,800 -$400 -$600

Scores at the end of the Jeopardy! Round:

Dan Keith Lauren
$10,200 $2,400 $400

Double Jeopardy! Round responses

SCULPTURE
'40s POP CULTURE
LET'S GO CRUISING
PUTTING ON HEIRS
RECENT FICTION
EVERYDAY ITALIAN
    $400 17
Picasso

Dan
    $400 16
(Keith: What is Rin Tin Tin?)

Lassie

DanKeith
    $400 19
the Riviera

Keith
    $400 1
the Tudors

Dan
    $400 4
Freud

Dan
    $400 10
cheese

Dan
    $800 18
David

Keith
    $800 24
Wonder Woman

Dan
    $800 20
the Panama Canal

Triple Stumper
    $800 2
Burgundy

Dan
    $4,000 7
(Alex: I would like to point out as we start this New Year that if you made this a True Daily Double--)
(Dan: [Laughs])
(Alex: --and responded correctly, you would have $30,800.)
(Dan: That's true. Uh--how about--)
(Alex: I saw--I always speak truth.)
(Dan: Of course you do.)

the bombing of Pearl Harbor

Dan
    $800 12
bread

Dan
    $1200 25
(Keith: What is brick?)
(Lauren: What is clay?)
(Alex: Be more specific.)
(Lauren: What is ceramic clay?)

terra cotta

KeithLauren
Triple Stumper
    $1200 28
(Keith: What is a traveling salesman?)
(Alex: Ohh, no. No.)

a Fuller Brush salesman

Keith
Triple Stumper
    $1200 21
Royal Caribbean

Triple Stumper
    $1200 3
(Lauren: Who is Alexander?)
...
(Alex: [*], his dad.)

Philip

KeithLauren
    $1200 8
(Deepak) Chopra

Keith
    $1200 13
the foot

Dan
    $1600 26
(Dan: What is bas-relief?)

intaglio

Dan
Triple Stumper
    $1600 29
snafu

Keith
    $1600 22
Norwegian

Keith
    $1600 5
King John

Dan
    $1600 9
Joyce Carol Oates

Triple Stumper
    $1600 14
a horse

Keith
    $2000 27
The Gates of Hell

Triple Stumper
    $2000 30
Information Please

Triple Stumper
    $3,000 23
(Alex: Guess what? There aren't that many clues left on the board, and you have less than half Dan's total.)
...
(Keith: Um, what are the Black and the Mediterranean?)

the Aegean & the Adriatic

Keith
    $2000 6
Charlemagne

Dan
    $2000 11
Afghanistan

Keith
    $2000 15
Tuesday

Lauren

Scores at the end of the Double Jeopardy! Round:

Dan Keith Lauren
$21,800 $7,000 $0
(lock game)

[wagering suggestions for these scores]

Final Jeopardy! Round responses

U.S. TRADE
(Alex: All right, will oil hit $100 a barrel in 2008? We'll find out soon enough, but right now we want to find out what Keith wrote down as his response.)
...
(Alex: Saudi Arabia and Mexico are next, but not always in that order. [*] is our No. 1 supplier.)
KeithWhat is Russia ?
$0
DanWhat is Canada?
$1,800
Canada

Final scores:

Dan Keith Lauren
$23,600 $7,000 $0
4-day champion: $86,100 2nd place: $2,000 3rd place: $1,000

Game dynamics:

Coryat scores:

Dan Keith Lauren
$18,600 $9,800 $0
31 R
(including 1 DD),
2 W
12 R
(including 1 DD),
5 W
(including 1 DD)
3 R,
3 W

Combined Coryat: $28,400

[game clues] [game scores] [suggest correction]

Game tape date: 2007-10-16
The J! Archive is created by fans, for fans. Scraping, republication, monetization, and malicious use prohibited; this site may use cookies and collect identifying information. See terms. The Jeopardy! game show and all elements thereof, including but not limited to copyright and trademark thereto, are the property of Jeopardy Productions, Inc. and are protected under law. This website is not affiliated with, sponsored by, or operated by Jeopardy Productions, Inc. Join the discussion at JBoard.tv.